[Event "Titled Tue 27th May Early"]
[Site "chess.com INT"]
[Date "2025.05.27"]
[Round "6"]
[White "Mahdavi, Reza"]
[Black "Aslanov, Umid"]
[Result "1/2-1/2"]
[WhiteTitle "IM"]
[BlackTitle "FM"]
[WhiteElo "2445"]
[BlackElo "2324"]
[WhiteFideId "12595926"]
[BlackFideId "13412620"]
[EventDate "2025.05.27"]

1. d4 d5 2. Nf3 Nf6 3. Bf4 c5 4. e3 Nc6 5. c3 Bf5 6. Nbd2 e6 7. Qb3 Qc8 8. Nh4
Bg4 9. h3 Bh5 10. g4 Bg6 11. Nxg6 hxg6 12. Bg2 cxd4 13. cxd4 Qd7 14. O-O Be7 15.
Rac1 O-O 16. Rc2 Rac8 17. Rfc1 Na5 18. Qd3 Rxc2 19. Qxc2 Nc6 20. a3 Rc8 21. b4
a6 22. Nf3 Bd6 23. Bxd6 Qxd6 24. Ne5 Nd7 25. Nd3 Nb6 26. Nc5 Qe7 27. Bf1 Nb8 28.
a4 Nc6 29. Qd2 e5 30. b5 axb5 31. axb5 Nb8 32. Nd3 exd4 33. Rxc8+ Nxc8 34. exd4
Nd6 35. Qb4 Nd7 36. Nf4 Nf6 37. Qc5 Nfe4 38. Qxd5 Qh4 39. Nd3 Qf6 40. Bg2 Nc3
41. Qc5 Qxd4 42. Qxd4 Ne2+ 43. Kf1 Nxd4 44. b6 Nc4 45. Bxb7 Nxb6 46. Be4 Nd7 47.
Kg2 g5 48. Kg3 g6 49. f4 Ne2+ 50. Kf3 Nxf4 51. Nxf4 gxf4 52. Kxf4 Kg7 53. h4 1/2-1/2

[Event "Titled Tue 27th May Early"]
[Site "chess.com INT"]
[Date "2025.05.27"]
[Round "6"]
[White "Sahetchian, Armand"]
[Black "Aung Thant Zin"]
[Result "1-0"]
[WhiteTitle "CM"]
[BlackTitle "FM"]
[WhiteElo "2024"]
[BlackElo "2268"]
[WhiteFideId "607150"]
[BlackFideId "13000063"]
[EventDate "2025.05.27"]

1. c4 Nf6 2. Nf3 e6 3. Nc3 d5 4. d4 Be7 5. Bf4 c5 6. e3 O-O 7. cxd5 Nxd5 8. Nxd5
exd5 9. Bd3 cxd4 10. Nxd4 Bb4+ 11. Kf1 Nc6 12. Rc1 Nxd4 13. exd4 Qf6 14. Be5 Qh6
15. a3 Be7 16. Rc7 Bd6 17. Bxd6 Qxd6 18. Rc3 Qf6 19. h3 g6 20. Be2 Be6 21. g3
Rac8 22. Kg2 Rxc3 23. bxc3 Rc8 24. Qb3 Qe7 25. Bf3 Qd7 26. h4 b6 27. h5 g5 28.
h6 g4 29. Be2 Bf5 30. Rh4 Be4+ 31. Kg1 f5 32. Qb2 Qf7 33. Qd2 Qg6 34. Qf4 Kf7
35. Rxg4 Qf6 36. Rg7+ Kf8 37. Rxh7 Kg8 38. Rg7+ Kh8 39. Rxa7 Qg6 40. Qe5+ 1-0

[Event "Titled Tue 27th May Early"]
[Site "chess.com INT"]
[Date "2025.05.27"]
[Round "6"]
[White "Chekletsov, Ilya"]
[Black "Mikhalsky, Vladimir"]
[Result "0-1"]
[WhiteTitle "IM"]
[WhiteElo "2338"]
[BlackElo "2219"]
[WhiteFideId "24177156"]
[BlackFideId "14144352"]
[EventDate "2025.05.27"]

1. e4 g6 2. d4 Bg7 3. Nc3 d6 4. Be2 a6 5. h4 h5 6. Nf3 Nc6 7. Be3 Nf6 8. Ng5 Ng4
9. Bxg4 hxg4 10. Qd2 f6 11. d5 fxg5 12. dxc6 gxh4 13. O-O-O bxc6 14. Bg5 Bf6 15.
e5 Bxe5 16. Bxh4 Bf5 17. Bg5 Qd7 18. Bf4 Bf6 19. Rxh8+ Bxh8 20. Re1 e5 21. Bg5
Qe6 22. Rh1 Bg7 23. Rh7 Qg8 24. Rh1 Kd7 25. f3 gxf3 26. gxf3 a5 27. Qe2 a4 28.
a3 Ra5 29. Ne4 Kc8 30. Kb1 Kb7 31. Qd2 Rb5 32. Nc3 Ra5 33. Ne4 Ra6 34. Qb4+ Rb6
35. Qxa4 Qd5 36. Re1 Qb5 37. Qxb5 cxb5 38. Nc3 b4 39. axb4 Rxb4 40. Nd5 Rb5 41.
Rd1 e4 42. Bf6 Bxf6 43. Nxf6 exf3 44. Rf1 Rc5 45. Rf2 Rxc2 0-1

[Event "Titled Tue 27th May Early"]
[Site "chess.com INT"]
[Date "2025.05.27"]
[Round "6"]
[White "Khazhatuly, Alikhan"]
[Black "Kushko, Dmitriy"]
[Result "0-1"]
[WhiteTitle "CM"]
[BlackTitle "IM"]
[WhiteElo "2196"]
[BlackElo "2454"]
[WhiteFideId "13731335"]
[BlackFideId "14162261"]
[EventDate "2025.05.27"]

1. e4 d6 2. d4 Nf6 3. Nc3 g6 4. Nf3 Bg7 5. Bc4 Nc6 6. h3 O-O 7. O-O Nxe4 8. Nxe4
d5 9. Bd3 dxe4 10. Bxe4 Nxd4 11. Nxd4 Qxd4 12. Qf3 c6 13. c3 Qb6 14. Re1 e5 15.
Be3 Qxb2 16. Bc5 Re8 17. Qe3 Qb5 18. Bxa7 Be6 19. a4 Qa6 20. Bb6 f5 21. Bd3 Bc4
22. Bxc4+ Qxc4 23. a5 e4 24. Rac1 Be5 25. Red1 f4 26. Qc5 Qxc5 27. Bxc5 Rxa5 28.
Bb4 Rb5 29. Rd7 c5 30. Ba3 b6 31. Rb7 e3 32. fxe3 fxe3 33. Re1 Bxc3 34. Re2 Bd4
35. Kh2 Rb1 36. Kg3 Ra1 37. Rxb6 Rxa3 38. Rb7 Ra6 39. Kg4 Rae6 40. Kg5 R6e7 41.
Rb5 Kg7 42. Kg4 h5+ 43. Kg3 g5 44. Rb6 Re6 45. Rb7+ R8e7 46. Rb5 Kg6 47. h4 Be5+
48. Kf3 g4+ 49. Kxe3 Bd4+ 0-1

[Event "Titled Tue 27th May Early"]
[Site "chess.com INT"]
[Date "2025.05.27"]
[Round "6"]
[White "Swara Lakshmi S Nair"]
[Black "Jacobsen, Mikkel Manosri"]
[Result "1/2-1/2"]
[WhiteTitle "WCM"]
[BlackTitle "FM"]
[WhiteElo "2178"]
[BlackElo "2223"]
[WhiteFideId "25629239"]
[BlackFideId "1444514"]
[EventDate "2025.05.27"]

1. e4 c5 2. Nf3 Nf6 3. d4 Nxe4 4. Bd3 d5 5. O-O Nc6 6. Be3 e6 7. c4 Be7 8. cxd5
exd5 9. Nbd2 Nxd2 10. Qxd2 c4 11. Bc2 O-O 12. Bg5 Be6 13. Rfe1 Bf6 14. Qf4 h6
15. Bxh6 Qb8 16. Ne5 Nxd4 17. Qxd4 gxh6 18. Qd2 Kg7 19. Nf3 Re8 20. Rab1 Qd6 21.
b3 Rad8 22. bxc4 dxc4 23. Qe2 Bd5 24. Qd2 Qc5 25. Qf4 Bxf3 26. Qxf3 Rxe1+ 27.
Rxe1 Rd2 28. Bb1 Rxf2 29. Qg3+ Kf8 30. Qb8+ Kg7 31. Qg3+ Kf8 32. Qb8+ Kg7 33.
Qg3+ 1/2-1/2

[Event "Titled Tue 27th May Early"]
[Site "chess.com INT"]
[Date "2025.05.27"]
[Round "6"]
[White "Manukian, Artak"]
[Black "Zdorov, Egor Vit"]
[Result "0-1"]
[BlackTitle "CM"]
[WhiteElo "2104"]
[BlackElo "2100"]
[WhiteFideId "13301373"]
[BlackFideId "55688560"]
[EventDate "2025.05.27"]

1. e4 e5 2. Nf3 Nc6 3. d4 exd4 4. Nxd4 Bc5 5. Nxc6 Qf6 6. Qf3 dxc6 7. Bc4 Be6 8.
Bxe6 Qxe6 9. Nc3 O-O-O 10. O-O Nf6 11. Be3 Bb4 12. Bg5 Bxc3 13. bxc3 Qxe4 14.
Qxe4 Nxe4 15. Bxd8 Rxd8 16. Rad1 Nxc3 17. Rxd8+ Kxd8 18. g4 a5 19. f4 a4 20. Rf3
Nxa2 21. Ra3 Nb4 22. Rxa4 Nxc2 23. Ra8+ Ke7 24. Rc8 Kd7 25. Rf8 Ke7 26. Rc8 Kd7
27. Rf8 Ke6 28. Rc8 Kd6 29. Rf8 f6 30. Rf7 b5 31. Rxg7 b4 32. Rxh7 c5 33. Rh8 b3
34. Rd8+ Ke6 35. Rd1 c4 36. h4 b2 37. h5 c3 38. h6 Kf7 39. g5 fxg5 40. fxg5 Ne3
41. h7 Kg7 42. Rd7+ Kh8 43. g6 b1=Q+ 44. Kf2 Qxg6 0-1

[Event "Titled Tue 27th May Early"]
[Site "chess.com INT"]
[Date "2025.05.27"]
[Round "6"]
[White "Ramsdal, Jens Albert"]
[Black "Aloma Vidal, Robert"]
[Result "1-0"]
[WhiteTitle "FM"]
[BlackTitle "IM"]
[WhiteElo "2351"]
[BlackElo "2374"]
[WhiteFideId "1429221"]
[BlackFideId "2260409"]
[EventDate "2025.05.27"]

1. e4 a6 2. d4 e6 3. Nf3 d5 4. e5 Bd7 5. a4 c5 6. c3 cxd4 7. cxd4 Bb4+ 8. Bd2
Nc6 9. Bxb4 Nxb4 10. Qd2 a5 11. Nc3 Ne7 12. Nb5 O-O 13. Nd6 Nf5 14. Nxb7 Qc7 15.
Nc5 f6 16. exf6 Rxf6 17. Bb5 Bxb5 18. axb5 Nd6 19. Ne5 h6 20. b6 Qd8 21. b7 Rb8
22. Ned7 Rg6 23. Nxb8 Qxb8 24. Qxb4 Rxg2 25. Rxa5 Kh7 26. Ra8 Qc7 27. b8=R Qf7
28. Qd2 Qf5 29. Qd3 Ne4 30. Nxe4 dxe4 31. Qe3 Kg6 32. Rb6 Kh7 33. Ra7 Rg6 34.
Rbb7 Qd5 35. Rxg7+ Rxg7 36. Rxg7+ Kxg7 37. Rg1+ Kf7 38. Qf4+ Ke8 39. Qe5 Qc6 40.
Rg8+ Kd7 41. Rg7+ Kc8 42. Rg8+ Kd7 43. Qg7+ Kd6 44. Rd8+ Qd7 45. Qxd7# 1-0

[Event "Titled Tue 27th May Early"]
[Site "chess.com INT"]
[Date "2025.05.27"]
[Round "6"]
[White "Alvarez Leon, Luis"]
[Black "Garcia Correa, Jose Ricardo"]
[Result "1-0"]
[WhiteTitle "FM"]
[BlackTitle "FM"]
[WhiteElo "2178"]
[BlackElo "2103"]
[WhiteFideId "3600351"]
[BlackFideId "5101832"]
[EventDate "2025.05.27"]

1. Nf3 Nf6 2. d4 e6 3. c4 d5 4. Nc3 c6 5. Bg5 dxc4 6. a4 Bb4 7. e3 b5 8. Be2 Bb7
9. O-O a6 10. Qc2 Nbd7 11. Rfd1 Be7 12. e4 Qb6 13. h3 Rc8 14. Be3 Qc7 15. e5 Nd5
16. Bc1 h6 17. Ne4 c5 18. axb5 axb5 19. Ra7 cxd4 20. Nxd4 Nc5 21. Nd6+ Bxd6 22.
exd6 Qb6 23. Ra1 O-O 24. Bf3 Rfd8 25. Qe2 Rxd6 26. Bg4 Nd3 27. Nf3 Rcd8 28. Ne5
Nxc1 29. Raxc1 Nf4 30. Qe1 Nxg2 31. Qb4 Rxd1+ 32. Rxd1 Rxd1+ 33. Bxd1 Qd4 34.
Qxb5 Qxd1+ 35. Kh2 Qe1 36. Qe8+ Kh7 37. Nxf7 Qxf2 38. Qh8+ Kg6 39. Ne5+ 1-0

[Event "Titled Tue 27th May Early"]
[Site "chess.com INT"]
[Date "2025.05.27"]
[Round "6"]
[White "Tarasov, Igor"]
[Black "Terlouw, Wouter"]
[Result "0-1"]
[WhiteTitle "FM"]
[BlackTitle "CM"]
[WhiteElo "2256"]
[BlackElo "2227"]
[WhiteFideId "4120256"]
[BlackFideId "1087401"]
[EventDate "2025.05.27"]

1. d4 Nf6 2. c4 e6 3. Nc3 c5 4. d5 exd5 5. cxd5 d6 6. e4 g6 7. Nf3 Bg7 8. h3 O-O
9. Bd3 Re8 10. O-O Na6 11. a3 Nc7 12. Re1 a6 13. a4 b6 14. Bf4 Rb8 15. Qd2 b5
16. axb5 axb5 17. Bc2 b4 18. Nd1 Nb5 19. Rc1 Nd7 20. Ba4 Ne5 21. Nxe5 Bxe5 22.
Bxe5 Rxe5 23. f4 Re8 24. Bxb5 Rxb5 25. b3 Ra5 26. Nb2 Ba6 27. e5 Ra3 28. Re3 Qb6
29. Nc4 Bxc4 30. Rxc4 Qa6 31. Kh2 Rxb3 32. Rxb3 Qxc4 33. Re3 Qxf4+ 34. g3 Qg5
35. e6 fxe6 36. dxe6 Rxe6 37. Qe2 Qxe3 38. Qxe3 Rxe3 39. h4 Re5 40. Kh3 b3 41.
Kg4 b2 42. Kf4 b1=Q 43. h5 Qf5# 0-1

[Event "Titled Tue 27th May Early"]
[Site "chess.com INT"]
[Date "2025.05.27"]
[Round "6"]
[White "Marichal Gonzalez, Ariel"]
[Black "Karas, Marek"]
[Result "1-0"]
[WhiteTitle "IM"]
[BlackTitle "FM"]
[WhiteElo "2268"]
[BlackElo "2200"]
[WhiteFideId "3503232"]
[BlackFideId "14928558"]
[EventDate "2025.05.27"]

1. d4 Nf6 2. c4 e6 3. Nc3 d5 4. Nf3 c6 5. e3 a6 6. Qc2 c5 7. dxc5 Bxc5 8. cxd5
exd5 9. b3 Nc6 10. Bb2 O-O 11. Be2 Ba7 12. Rd1 Be6 13. O-O Qe7 14. Ng5 h6 15.
Nxd5 hxg5 16. Nxe7+ Nxe7 17. Bxf6 gxf6 18. Bf3 Rac8 19. Qb2 Kg7 20. Bxb7 Rc7 21.
Bxa6 Rb8 22. Rc1 Rd7 23. Rfd1 Rxd1+ 24. Rxd1 Nf5 25. Be2 Bc5 26. Rc1 Bd6 27. Bc4
Be5 28. Qb1 Ne7 29. Bxe6 fxe6 30. Rd1 Nd5 31. g3 Nc3 32. Qd3 Nxa2 33. Qd7+ Kg6
34. Qxe6 Nc3 35. Rd7 Ra8 36. Qf7+ Kf5 37. Qh7+ Ke6 38. Qh3+ f5 39. Qh7 Bf6 40.
Qf7+ Ke5 41. Rb7 g4 42. Qc7+ Ke4 43. Qc6+ Kd3 44. Rd7+ Ke2 45. Qxa8 1-0

[Event "Titled Tue 27th May Early"]
[Site "chess.com INT"]
[Date "2025.05.27"]
[Round "6"]
[White "Eames, Robert S"]
[Black "Ollier, Pablo"]
[Result "0-1"]
[WhiteTitle "FM"]
[BlackTitle "FM"]
[WhiteElo "2136"]
[BlackElo "2284"]
[WhiteFideId "408743"]
[BlackFideId "652318"]
[EventDate "2025.05.27"]

1. e4 e5 2. Nf3 Nc6 3. Bc4 Nf6 4. Ng5 d5 5. exd5 Na5 6. Bb5+ c6 7. dxc6 bxc6 8.
Qf3 Be7 9. Bd3 O-O 10. Nc3 h6 11. Nge4 Nd5 12. Ng3 g6 13. Be2 f5 14. d3 Kg7 15.
O-O Bf6 16. Bd2 Be6 17. Rfe1 Nb7 18. Bf1 Bg8 19. Rad1 Nc5 20. Nge2 Ne6 21. g3
Qd7 22. Bg2 Rad8 23. Nxd5 cxd5 24. d4 e4 25. Qa3 g5 26. Bb4 Rfe8 27. b3 a5 28.
Bc3 Ra8 29. Bb2 Be7 30. Qa4 Qxa4 31. bxa4 Rec8 32. c3 Bf7 33. Rb1 Be8 34. Ba1
Rab8 35. Bh3 Kg6 36. c4 Rxb1 37. Rxb1 Rxc4 38. Nc3 Rxd4 39. Rb6 Bf7 40. Bb2 Bf6
41. Bf1 Rd2 42. Ba1 Bd4 43. Nb1 Bxf2+ 44. Kg2 Rxa2 45. Be5 Bxb6+ 0-1

[Event "Titled Tue 27th May Early"]
[Site "chess.com INT"]
[Date "2025.05.27"]
[Round "6"]
[White "Timofeev, Artyom"]
[Black "Burmakin, Vladimir"]
[Result "1/2-1/2"]
[WhiteTitle "GM"]
[BlackTitle "GM"]
[WhiteElo "2548"]
[BlackElo "2435"]
[WhiteFideId "4140419"]
[BlackFideId "4105109"]
[EventDate "2025.05.27"]

1. e4 c6 2. Nf3 d5 3. exd5 cxd5 4. Ne5 Nf6 5. Bb5+ Nbd7 6. O-O a6 7. Bxd7+ Bxd7
8. Nc3 e6 9. d4 Be7 10. Bf4 O-O 11. Re1 b5 12. Ne2 b4 13. Ng3 Bb5 14. Qd2 Rc8
15. Rac1 Qb6 16. Bg5 Rfe8 17. h4 Qd8 18. Qe3 Nd7 19. Nxf7 Kxf7 20. Qxe6+ Kf8 21.
Qf5+ Kg8 22. Qxd5+ Kh8 23. Nf5 Nb6 24. Qf7 Bf6 25. Nxg7 Rxe1+ 26. Rxe1 Bxg5 27.
hxg5 Qxg5 28. Re7 Rg8 29. Qe6 Rxg7 30. Rxg7 Qxg7 31. Qxb6 Qg4 32. Qd8+ Kg7 33.
Qe7+ Kg8 34. Qd8+ Kg7 35. Qe7+ Kg8 36. Qd8+ Kg7 1/2-1/2

[Event "Titled Tue 27th May Early"]
[Site "chess.com INT"]
[Date "2025.05.27"]
[Round "6"]
[White "Suleymanli, Suleyman"]
[Black "Yilmaz, Mustafa"]
[Result "0-1"]
[WhiteTitle "FM"]
[BlackTitle "GM"]
[WhiteElo "2322"]
[BlackElo "2586"]
[WhiteFideId "13416375"]
[BlackFideId "6302718"]
[EventDate "2025.05.27"]

1. Nf3 Nc6 2. d4 d5 3. g3 Bf5 4. Bg2 Qd7 5. O-O h5 6. c4 e6 7. Nc3 dxc4 8. Qa4
Be7 9. Qxc4 h4 10. Ne5 Nxe5 11. dxe5 c6 12. Bf4 hxg3 13. hxg3 Nh6 14. Rfd1 Qc8
15. Rac1 Qb8 16. Ne4 Bxe4 17. Bxe4 Ng4 18. Qd4 Qd8 19. f3 Nh6 20. Qc3 Qb6+ 21.
Be3 Qc7 22. g4 f5 23. exf6 Qg3+ 24. Kf1 Nf5 25. f7+ Kxf7 26. Bg1 Rh1 27. e3
Qxg1+ 28. Ke2 Ng3+ 29. Kd3 Rd8+ 0-1

[Event "Titled Tue 27th May Early"]
[Site "chess.com INT"]
[Date "2025.05.27"]
[Round "6"]
[White "May Sanchez, Andres Elias"]
[Black "Krzywda, Andrzej"]
[Result "0-1"]
[WhiteTitle "CM"]
[BlackTitle "CM"]
[WhiteElo "2209"]
[BlackElo "2175"]
[WhiteFideId "5150973"]
[BlackFideId "1114565"]
[EventDate "2025.05.27"]

1. e4 e5 2. Bc4 Nf6 3. Nc3 Nc6 4. d3 Bb4 5. Ne2 d5 6. exd5 Nxd5 7. O-O Be6 8.
Bxd5 Bxd5 9. f4 exf4 10. Nxf4 Bxc3 11. bxc3 O-O 12. Qh5 Be6 13. Nxe6 fxe6 14.
Ba3 Rxf1+ 15. Rxf1 Qd7 16. Qc5 h6 17. Qh5 Rc8 18. Qg6 Ne5 19. Qe4 Nc6 20. Qg6 b6
21. h4 Ne5 22. Qe4 Nf7 23. Bc1 Qd5 24. Qg6 Rf8 25. a4 c5 26. Qg4 Ne5 27. Rf7
Rxf7 0-1

[Event "Titled Tue 27th May Early"]
[Site "chess.com INT"]
[Date "2025.05.27"]
[Round "6"]
[White "Xiong, Jeffery"]
[Black "Amangeldy, Ernur"]
[Result "1-0"]
[WhiteTitle "GM"]
[BlackTitle "FM"]
[WhiteElo "2636"]
[BlackElo "2231"]
[WhiteFideId "2047640"]
[BlackFideId "13720244"]
[EventDate "2025.05.27"]

1. e4 Nf6 2. e5 Nd5 3. d4 d6 4. Nf3 dxe5 5. Nxe5 c6 6. Bd3 Nd7 7. Nf3 N7f6 8. h3
Nb4 9. O-O Nxd3 10. Qxd3 g6 11. c4 Bg7 12. Re1 O-O 13. Bf4 b5 14. Nc3 Bf5 15.
Qe2 bxc4 16. Qxc4 Nd5 17. Nxd5 cxd5 18. Qa4 Qb6 19. b3 Be4 20. Ne5 Rfc8 21. Rac1
Qb7 22. Nc6 e6 23. Rc3 e5 24. dxe5 d4 25. Ne7+ Qxe7 26. Rxc8+ Rxc8 27. Rxe4 d3
28. Rd4 Bxe5 29. Rxd3 Bxf4 30. Qxf4 Qe1+ 31. Kh2 Rc1 32. Rd7 Qe8 33. Rxa7 Rc2
34. Rb7 Qc6 35. Rb8+ Kg7 36. Qe5+ Qf6 37. Rg8+ 1-0

[Event "Titled Tue 27th May Early"]
[Site "chess.com INT"]
[Date "2025.05.27"]
[Round "6"]
[White "Vingris, Mikelis"]
[Black "Marynychenko, Yehor"]
[Result "1-0"]
[BlackTitle "CM"]
[WhiteElo "2102"]
[BlackElo "2183"]
[WhiteFideId "11611731"]
[BlackFideId "34160558"]
[EventDate "2025.05.27"]

1. e4 c5 2. Nf3 Nc6 3. d4 cxd4 4. Nxd4 Nf6 5. Nc3 e6 6. Bf4 Bb4 7. Nb5 Nxe4 8.
Nc7+ Kf8 9. Nxa8 Nxc3 10. bxc3 Bxc3+ 11. Bd2 Bxa1 12. Qxa1 b6 13. Bf4 e5 14.
Bxe5 Qe7 15. f4 f6 16. Bd3 fxe5 17. O-O e4 18. Be2 Qc5+ 19. Kh1 Nd4 20. Bg4 h5
21. Bh3 Ba6 22. Rd1 Nxc2 23. Qb2 e3 24. Rxd7 Rg8 25. Rd8+ Kf7 26. Rd7+ Ke8 27.
Nc7+ Qxc7 28. Rxc7 e2 29. Qe5+ Kd8 30. Qe7# 1-0

[Event "Titled Tue 27th May Early"]
[Site "chess.com INT"]
[Date "2025.05.27"]
[Round "6"]
[White "Terry, Renato"]
[Black "Bakhmatsky, Vladislav"]
[Result "1-0"]
[WhiteTitle "IM"]
[BlackTitle "IM"]
[WhiteElo "2508"]
[BlackElo "2433"]
[WhiteFideId "3803457"]
[BlackFideId "14124890"]
[EventDate "2025.05.27"]

1. e4 a6 2. d4 b5 3. g3 Bb7 4. Bg2 e6 5. Ne2 Nf6 6. Nd2 c5 7. c3 cxd4 8. cxd4
Bb4 9. f3 O-O 10. O-O Be7 11. Nb3 d6 12. Be3 a5 13. Qd2 a4 14. Nbc1 Nc6 15. Nd3
Na5 16. Bf2 Nc4 17. Qd1 a3 18. b3 Nb2 19. Qd2 Nxd3 20. Qxd3 b4 21. Qd2 Qa5 22.
Rfc1 Rfc8 23. Nf4 Nd7 24. Be1 d5 25. exd5 exd5 26. Bh3 Rxc1 27. Rxc1 Nf8 28. Nd3
Rb8 29. Nxb4 Qb6 30. Nc2 Bf6 31. Bf2 Bc8 32. Bf1 Ne6 33. Rd1 Ng5 34. Bg2 Nh3+
35. Bxh3 Bxh3 36. Nxa3 Qd6 37. Nc2 Qd7 38. Ne3 h6 39. Ng2 h5 40. Nf4 Bf5 41. Re1 1-0

[Event "Titled Tue 27th May Early"]
[Site "chess.com INT"]
[Date "2025.05.27"]
[Round "6"]
[White "Smieszek, Wojciech"]
[Black "Kiran, Manisha Mohanty"]
[Result "0-1"]
[WhiteTitle "CM"]
[BlackTitle "WGM"]
[WhiteElo "2141"]
[BlackElo "2031"]
[WhiteFideId "1156047"]
[BlackFideId "5019575"]
[EventDate "2025.05.27"]

1. e4 d6 2. d4 Nf6 3. Nc3 g6 4. Be3 Bg7 5. f3 Nbd7 6. Qd2 c6 7. h4 h5 8. Nh3 b5
9. Ng5 Qa5 10. Bd3 Bb7 11. a3 a6 12. O-O-O c5 13. dxc5 Nxc5 14. e5 Nxd3+ 15.
Qxd3 dxe5 16. Nce4 O-O 17. g4 b4 18. gxh5 Nxh5 19. Qb3 Bxe4 20. fxe4 Rab8 21. a4
Qc7 22. Rdf1 e6 23. Rhg1 Qc6 24. Kb1 a5 25. Rf2 Rb7 26. Rgf1 Ng3 27. h5 Nxf1 28.
Rxf1 Rc8 29. hxg6 fxg6 30. Qd3 Qc4 31. Qd1 b3 32. c3 Qxa4 33. Nxe6 Qa2+ 34. Kc1
Qa1+ 35. Kd2 Rd7+ 36. Bd4 Qxd1+ 37. Rxd1 exd4 38. cxd4 Bxd4 39. Ke2 Rc2+ 40. Kf3
Rf7+ 41. Kg4 Bg7 42. Rd8+ Bf8 43. Ng5 Rf1 44. e5 Rg2+ 45. Kh4 Rh1+ 46. Nh3 Rgh2
47. e6 Rxh3+ 48. Kg5 Rh5+ 49. Kxg6 Rh6+ 50. Kf5 Rf1+ 51. Ke5 Re1+ 52. Kf5 Rhxe6
53. Kg5 R6e2 54. Kh4 Rxb2 55. Kh3 Rg1 56. Rc8 Rg7 57. Rb8 Rb1 58. Kh2 Kf7 59.
Rb7+ Be7 60. Kh3 Rh1# 0-1

[Event "Titled Tue 27th May Early"]
[Site "chess.com INT"]
[Date "2025.05.27"]
[Round "6"]
[White "Vakhidov, Jakhongir"]
[Black "Aarit Kapil"]
[Result "1-0"]
[WhiteTitle "GM"]
[BlackTitle "CM"]
[WhiteElo "2546"]
[BlackElo "2098"]
[WhiteFideId "14201801"]
[BlackFideId "33408947"]
[EventDate "2025.05.27"]

1. c4 Nf6 2. Nc3 e6 3. e4 d6 4. d4 Nbd7 5. Nf3 Be7 6. g3 c5 7. Bg2 cxd4 8. Nxd4
O-O 9. O-O a6 10. h3 Rb8 11. Be3 Re8 12. Rc1 Ne5 13. b3 Nc6 14. Qd2 Bd7 15. Rfd1
Qa5 16. Nxc6 Bxc6 17. Nd5 Qxd2 18. Nxf6+ Bxf6 19. Rxd2 Be7 20. Bb6 f6 21. Bc7
Rbc8 22. Bxd6 Red8 23. Rcd1 Rxd6 24. Rxd6 Bxd6 25. Rxd6 Kf7 26. f4 e5 27. c5 Ke7
28. b4 a5 29. a3 axb4 30. axb4 Ra8 31. Rd1 Ra2 32. fxe5 fxe5 33. b5 Bxb5 34. Rd5
Ke6 35. h4 Bc6 36. Bh3+ Kf6 37. Rd6+ Kf7 38. Be6+ Ke7 39. Bd5 Ra1+ 40. Kf2 Ra6
41. Re6+ Kd7 42. Rxe5 Ra5 43. Be6+ Ke7 44. Bd5+ Kd7 45. Be6+ Ke7 46. Bg8+ Kd8
47. Bxh7 b6 48. Rg5 bxc5 49. Rxg7 c4 50. Ke3 Ra3+ 51. Kd4 c3 52. e5 Ba4 53. Ra7
Kc8 54. Bc2 Ra2 55. Rxa4 Rxc2 56. Rc4+ Kd7 57. Rxc3 Rd2+ 58. Ke4 1-0

[Event "Titled Tue 27th May Early"]
[Site "chess.com INT"]
[Date "2025.05.27"]
[Round "6"]
[White "Korchynskyi, Mykola"]
[Black "Tsyhanchuk, Stanislav"]
[Result "1-0"]
[WhiteTitle "FM"]
[BlackTitle "IM"]
[WhiteElo "2325"]
[BlackElo "2273"]
[WhiteFideId "34138005"]
[BlackFideId "13505130"]
[EventDate "2025.05.27"]

1. d4 d5 2. c4 e6 3. Nc3 Nf6 4. Nf3 c6 5. Qd3 Nbd7 6. Bg5 Be7 7. e3 O-O 8. Be2
b6 9. cxd5 Nxd5 10. Bxe7 Qxe7 11. O-O Rd8 12. Rfd1 Bb7 13. Rac1 Rac8 14. e4 Nf4
15. Qe3 Nxe2+ 16. Qxe2 Nf6 17. e5 Nd5 18. Ne4 Rc7 19. Nd6 Ba8 20. h3 c5 21. dxc5
Rxc5 22. Rxc5 bxc5 23. Rc1 f6 24. Ne4 Nf4 25. Qe3 Bxe4 26. Qxe4 fxe5 27. Nxe5
Qg5 28. Rxc5 Nxh3+ 29. Kh2 Nxf2 30. Qc4 Qh5+ 31. Kg1 Nd1 32. Qxe6+ Kf8 33. Nd7+
Rxd7 34. Rc8+ Rd8 35. Rxd8+ Qe8 36. Qxe8# 1-0

[Event "Titled Tue 27th May Early"]
[Site "chess.com INT"]
[Date "2025.05.27"]
[Round "6"]
[White "Gonzalez Vega, Alejandro"]
[Black "Hehir, Michael"]
[Result "1-0"]
[WhiteTitle "FM"]
[WhiteElo "2092"]
[BlackElo "2009"]
[WhiteFideId "3510042"]
[BlackFideId "2047411"]
[EventDate "2025.05.27"]

1. d4 Nf6 2. c4 g6 3. Nc3 Bg7 4. Nf3 O-O 5. Bf4 d6 6. e3 c5 7. d5 a6 8. a4 Bf5
9. Nd2 e5 10. Bg5 h6 11. Bh4 g5 12. Bg3 Nbd7 13. e4 Bg6 14. Be2 Rb8 15. h4 Qb6
16. hxg5 hxg5 17. Qc2 Qa5 18. f3 Nh5 19. Bf2 Nf4 20. Bf1 Nh5 21. Ra3 f5 22. exf5
Bxf5 23. Bd3 Bxd3 24. Qxd3 Nf4 25. Qh7+ Kf7 26. Nde4 Qd8 27. Nxd6+ Ke7 28. Qxg7+
Kxd6 29. Ne4+ Kc7 30. Rh7 Nxg2+ 31. Kf1 Rg8 32. Qxe5+ Kb6 33. Qd6+ Ka7 34. Rxd7
Qf8 35. Bxc5+ Ka8 36. Qxf8 Rbxf8 37. Bxf8 Ne3+ 38. Ke2 Nxc4 39. Rc3 Ne5 40. Rg7
Rxf8 41. Rcc7 Nxf3 42. Rxb7 Nd4+ 43. Kd3 Nb3 44. Ra7+ Kb8 45. Rgb7+ Kc8 46. Nd6+
Kd8 47. Rb8# 1-0

[Event "Titled Tue 27th May Early"]
[Site "chess.com INT"]
[Date "2025.05.27"]
[Round "6"]
[White "Nagare Kaivalya Sandip"]
[Black "Shogdzhiev, Roman"]
[Result "0-1"]
[WhiteTitle "FM"]
[BlackTitle "FM"]
[WhiteElo "2321"]
[BlackElo "2329"]
[WhiteFideId "25957929"]
[BlackFideId "55653537"]
[EventDate "2025.05.27"]

1. e4 c5 2. Nf3 d6 3. d4 cxd4 4. Nxd4 Nf6 5. Nc3 a6 6. Bg5 e6 7. f4 h6 8. Bh4
Qb6 9. a3 Nc6 10. Bf2 Qc7 11. Be2 e5 12. Nxc6 bxc6 13. fxe5 dxe5 14. O-O Be6 15.
h3 Be7 16. Bd3 O-O 17. Qe2 Rab8 18. Rab1 a5 19. Bc4 Bxc4 20. Qxc4 Rfd8 21. b4
axb4 22. axb4 Qb7 23. Kh2 Ra8 24. b5 cxb5 25. Rxb5 Qa6 26. Qb3 Rac8 27. Rb1 Qc6
28. Nd5 Nxd5 29. exd5 Qxc2 30. Bg3 Qxb3 31. R1xb3 f6 32. Be1 Rd7 33. Ba5 Bd6 34.
Rb7 Rxb7 35. Rxb7 e4+ 36. Kg1 Rc5 37. Rd7 Bg3 38. Bd2 Rc2 39. Be3 Re2 0-1